Sociedad civil en dictadura: relaciones transnacionales, organizaciones y socialización política en Chile, 1973-1993
-д хадгалсан:
| Үндсэн зохиолч: | |
|---|---|
| Формат: | Ном |
| Хэл сонгох: | испани |
| Хэвлэсэн: |
Santiago, Chile
Universidad Alberto Hurtado
2013
|
| Цуврал: | Colección de Historia
|
| Нөхцлүүд: | |
| Шошгууд: |
Шошго нэмэх
Шошго байхгүй, Энэхүү баримтыг шошголох эхний хүн болох!
|
MARC
| LEADER | 00000cam a2200000 a 4500 | ||
|---|---|---|---|
| 001 | UCE6340 | ||
| 003 | CL-VaPUC | ||
| 005 | 20230113074412.0 | ||
| 008 | 150402e20130900cl |||||||||||||||||spa|d | ||
| 999 | |c 358672 |d 358670 | ||
| 020 | |a 9789569320163 | ||
| 040 | |c Pontificia Universidad Católica de Valparaíso | ||
| 082 | 0 | 4 | |a 983.065 BAS 2013 |2 21 |
| 100 | 0 | |a Bastías Saavedra, Manuel |e author |9 578979 | |
| 245 | 1 | 0 | |a Sociedad civil en dictadura: |b relaciones transnacionales, organizaciones y socialización política en Chile, 1973-1993 |
| 260 | |a Santiago, Chile |b Universidad Alberto Hurtado |c 2013 | ||
| 300 | |a 363 páginas | ||
| 490 | 0 | |a Colección de Historia | |
| 583 | |a last modification |c 20150402 11:08:00 |k Rodrigo Vera | ||
| 650 | 0 | |a Dictadura |z CHILE |9 341206 | |
| 650 | 0 | |a Historia política |x SOCIEDAD CIVIL |z CHILE |9 256974 | |
| 650 | 0 | |a Relaciones Internacionales |x DICTADURA MILITAR |z CHILE |9 255740 | |
| 852 | |a BIBCUR | ||
| 942 | |c BK |2 ddc | ||
| 945 | |d 20150402 11:08:00 |a arojas | ||
| 952 | |0 0 |1 0 |2 ddc |3 erb |4 0 |6 983_065000000000000_BAS_2013 |7 0 |8 A |9 467524 |a BIBHIS |b BIBHIS |i 5144353 |l 6 |m 1 |o 983.065 BAS 2013 |p 5144353 |r 2025-04-28 |s 2025-04-28 |t 1 |w 2019-11-23 |y BK |z Catalogado en:20150402 |k HIS | ||